Customer Centric Selling (Record no. 2099)

MARC details
000 -LEADER
fixed length control field 00383nam a22001697a 4500
005 - DATE AND TIME OF LATEST TRANSACTION
control field 20160530100443.0
008 - FIXED-LENGTH DATA ELEMENTS--GENERAL INFORMATION
fixed length control field 160530b xxu||||| |||| 00| 0 eng d
020 ## - INTERNATIONAL STANDARD BOOK NUMBER
ISBN 0-07-059811-8
041 ## - LANGUAGE CODE
Language code of text/sound track or separate title eng
082 ## - DEWEY DECIMAL CLASSIFICATION NUMBER
Item number 5934
100 ## - MAIN ENTRY--AUTHOR NAME
Personal name Bosworth, Michale L.T.
245 ## - TITLE STATEMENT
Title Customer Centric Selling
260 ## - PUBLICATION, DISTRIBUTION, ETC. (IMPRINT)
Name of publisher TMH
300 ## - PHYSICAL DESCRIPTION
Number of Pages 250
650 ## - SUBJECT ADDED ENTRY--TOPICAL TERM
Topical Term Management
942 ## - ADDED ENTRY ELEMENTS (KOHA)
Koha item type Books
Holdings
Lost status Damaged status Collection code Home library Current library Shelving location Date acquired Cost, normal purchase price Full call number Accession Number Koha item type
    Reference JRU Library   SHELF-29-G 30/05/2016 325.00 5934 5934 Books
    MANAGEMENT JRU Library JRU Library SHELF- 66 I 30/05/2016 325.00 5934 5935 Books
    MANAGEMENT JRU Library JRU Library SHELF- 66 I 30/05/2016 325.00 5934 5936 Books
    MANAGEMENT JRU Library JRU Library SHELF- 66 I 30/05/2016 325.00 5934 5937 Books